La història de la Pätti / (Registro nro. 11630)

Detalles MARC
000 -LEADER
fixed length control field 00972nam a22003495b 4500
001 - CONTROL NUMBER
control field 004286
003 - CONTROL NUMBER IDENTIFIER
control field DO-SdBNP
005 - DATE AND TIME OF LATEST TRANSACTION
control field 20180126091345.0
007 - PHYSICAL DESCRIPTION FIXED FIELD--GENERAL INFORMATION
fixed length control field 004286
008 - FIXED-LENGTH DATA ELEMENTS--GENERAL INFORMATION
fixed length control field 950123r 1987sp | |||| ||cat
016 7# - NATIONAL BIBLIOGRAPHIC AGENCY CONTROL NUMBER
Record control number
Source BPMSU
017 ## - COPYRIGHT OR LEGAL DEPOSIT NUMBER
Copyright or legal deposit number
Assigning agency
020 ## - INTERNATIONAL STANDARD BOOK NUMBER
International Standard Book Number 8476293364
035 ## - SYSTEM CONTROL NUMBER
System control number
040 ## - CATALOGING SOURCE
Original cataloging agency BPMSU
Language of cataloging spa
Transcribing agency BPMSU
Description conventions
041 1# - LANGUAGE CODE
Language code of text/sound track or separate title spa
Language code of original fre
080 #0 - UNIVERSAL DECIMAL CLASSIFICATION NUMBER
Universal Decimal Classification number
082 ## - DEWEY DECIMAL CLASSIFICATION NUMBER
Classification number
Item number
100 1# - MAIN ENTRY--PERSONAL NAME
Personal name Chidolue, Dagmar
240 10 - UNIFORM TITLE
Uniform title <a href="Pink Pätti">Pink Pätti</a>
Language of a work Español
245 13 - TITLE STATEMENT
Title La història de la Pätti /
Statement of responsibility, etc. Dagmar Chidolue ; illustracions, Consol Sànchez ; traducció de l'alemany, Carme Serrallonga.
Medium
250 ## - EDITION STATEMENT
Edition statement
260 ## - PUBLICATION, DISTRIBUTION, ETC. (IMPRINT)
Place of publication, distribution, etc. Barcelona :
Name of publisher, distributor, etc. Cruïlla,
Date of publication, distribution, etc. 1989.
300 ## - PHYSICAL DESCRIPTION
Extent 181 p. :
Other physical details il.;
Dimensions 20 cm
490 1# - SERIES STATEMENT
Series statement El barco de vapor
Volume/sequential designation 75
Series statement
700 1# - ADDED ENTRY--PERSONAL NAME
Personal name Sànchez, Consol
700 1# - ADDED ENTRY--PERSONAL NAME
Personal name Serrallonga, Carme
830 #0 - SERIES ADDED ENTRY--UNIFORM TITLE
Uniform title El barco de vapor
Volume number/sequential designation 75
942 ## - ADDED ENTRY ELEMENTS (KOHA)
Source of classification or shelving scheme Dewey Decimal Classification
Koha item type Libros
945 ## - LOCAL PROCESSING INFORMATION (OCLC)
a Inventariado, 2018 /LP
956 ## - LOCAL ELECTRONIC LOCATION AND ACCESS (OCLC)
Host name VMATEO
Access number 10
Compression information 20161020
Path BPMSU
Electronic name 0069
Existencias
Withdrawn status Lost status Source of classification or shelving scheme Damaged status Not for loan Collection code Home library Current library Date acquired Source of acquisition Total Checkouts Barcode Date last seen Price effective from Koha item type
    Dewey Decimal Classification     Colección Juvenil General Biblioteca Pública Metropolitana Salomé Ureña Biblioteca Pública Metropolitana Salomé Ureña 10/20/2016 FUNDI   BPMSU16100302 10/20/2016 10/20/2016 Libros